Germany 2018 FIFA World Cup Squad - Statistics

General Stats
  • This quiz has been taken 575 times
  • The average score is 17 of 23
Answer Stats
Position Player Club % Correct
GK Manuel Neuer Bayern Munich
99%
GK Marc-Andre ter Stegen Barcelona
96%
CM Toni Kroos Real Madrid
96%
RB Joshua Kimmich Bayern Munich
92%
CAM Mesut Ozil Arsenal
90%
F Thomas Muller Bayern Munich
89%
CB Antonio Rudiger Chelsea
87%
F Marco Reus Dortmund
87%
CB Mats Hummels Bayern Munich
87%
CB Jerome Boateng Bayern Munich
86%
F Timo Werner Leipzig
85%
CM Ilkay Gundogan Manchester City
84%
GK Kevin Trapp PSG
84%
CM Sami Khedira Juventus
81%
W Julian Draxler PSG
80%
CB Niklas Sule Bayern Munich
73%
CM Leon Goretzka Schalke
69%
F Mario Gomez Stuttgart
58%
LB Jonas Hector FC Koln
56%
CB Matthias Ginter Monchengladbach
56%
W Julian Brandt Bayer Leverkusen
43%
LB Marvin Plattenhardt Hertha BSC
30%
CM/RM Sebastian Rudy Bayern Munich
28%
No matching quizzes found
Score Distribution
Percent of People with Each Score
Percentile by Number Answered
Your Score History
You have not taken this quiz